Kronika Zeme /
Salvato in:
| Autore principale: | |
|---|---|
| Natura: | Libro |
| Lingua: | slovacco |
| Pubblicazione: |
Praha :
Fortuna Print,
1995
|
| Edizione: | [1.vyd.] |
| Tags: |
Nessun Tag, puoi essere il primo ad aggiungerne!!
|
MARC
| LEADER | 00000nam a22000003a 4500 | ||
|---|---|---|---|
| 001 | stu32644 | ||
| 005 | 20150617225732.7 | ||
| 008 | 951206s1995----cs------------------slo-d | ||
| 020 | |a 80-7153-088-3 | ||
| 040 | |a STU |b slo | ||
| 041 | 0 | |a slo | |
| 044 | |a cs | ||
| 100 | 1 | |a Paturi, Felix R |4 aut | |
| 245 | 1 | |a Kronika Zeme / |c [aut.] Paturi,Felix R | |
| 250 | |a [1.vyd.] | ||
| 260 | |a Praha : |b Fortuna Print, |c 1995 | ||
| 300 | |a 575 s | ||
| 996 | |b J91821 |c J*91821 |l JJSK |s A |a 24 |w stu32644_0001 | ||